All Cities and Villages in Ohio - Statistics

General Stats
  • This quiz has been taken 16 times
  • The average score is 104 of 500
Answer Stats
Population City/Town % Correct
190,469 Akron
92%
309,317 Cincinnati
92%
905,748 Columbus
92%
270,871 Toledo
92%
60,068 Youngstown
92%
70,872 Canton
85%
372,624 Cleveland
85%
25,095 Sandusky
85%
137,644 Dayton
77%
35,579 Lima
69%
23,849 Athens
62%
30,808 Bowling Green
62%
27,475 Green
62%
28,215 Kent
62%
50,942 Lakewood
62%
24,847 Avon
54%
45,312 Cleveland Heights
54%
51,114 Cuyahoga Falls
54%
49,328 Dublin
54%
52,656 Elyria
54%
63,399 Hamilton
54%
65,211 Lorain
54%
23,035 Oxford
54%
81,146 Parma
54%
1,602 Perry
54%
18,252 Portsmouth
54%
58,662 Springfield
54%
39,201 Warren
54%
34,228 Westlake
54%
24,765 Zanesville
54%
21,672 Alliance
46%
17,975 Ashtabula
46%
25,206 Avon Lake
46%
16,163 Bay Village
46%
11,359 Brooklyn
46%
41,302 Delaware
46%
13,112 Dover
46%
49,692 Euclid
46%
11,690 Franklin
46%
23,110 Hudson
46%
6,252 Jackson
46%
3,226 Jefferson
46%
9,521 Louisville
46%
3,435 Madison
46%
26,094 Medina
46%
47,450 Mentor
46%
17,677 New Philadelphia
46%
35,280 North Ridgeville
46%
31,322 North Royalton
46%
4,456 Ottawa
46%
25,041 Perrysburg
46%
21,755 Rocky River
46%
46,491 Strongsville
46%
13,914 University Heights
46%
23,959 Willoughby
46%
27,232 Wooster
46%
13,149 Bedford
38%
11,020 Bedford Heights
38%
13,635 Brecksville
38%
18,595 Brook Park
38%
22,059 Chillicothe
38%
17,066 Defiance
38%
13,792 East Cleveland
38%
44,907 Fairfield
38%
40,313 Findlay
38%
29,781 Garfield Heights
38%
12,786 Greenville
38%
7,584 Independence
38%
57,862 Kettering
38%
40,552 Lancaster
38%
4,848 Lexington
38%
2,746 Lodi
38%
47,534 Mansfield
38%
13,385 Marietta
38%
35,999 Marion
38%
3,356 Mayfield
38%
20,351 Mayfield Heights
38%
15,412 Monroe
38%
49,934 Newark
38%
32,442 North Olmsted
38%
8,555 Oberlin
38%
20,863 Parma Heights
38%
6,025 Port Clinton
38%
11,323 Ravenna
38%
11,915 Salem
38%
29,439 Shaker Heights
38%
4,135 Sheffield
38%
8,957 Sheffield Lake
38%
24,262 Solon
38%
19,062 Springboro
38%
19,248 Twinsburg
38%
36,800 Upper Arlington
38%
11,092 Van Wert
38%
14,401 Washington Court House
38%
25,441 Xenia
38%
5,334 Ada
31%
1,492 Arlington
31%
19,225 Ashland
31%
17,239 Aurora
31%
14,040 Beachwood
31%
18,545 Berea
31%
35,426 Brunswick
31%
1,691 Caldwell
31%
7,699 Canfield
31%
4,188 Chagrin Falls
31%
1,197 Clinton
31%
6,559 Columbiana
31%
1,521 East Canton
31%
17,670 Eastlake
31%
4,761 East Palestine
31%
15,930 Fremont
31%
35,726 Gahanna
31%
5,796 Germantown
31%
41,252 Grove City
31%
37,114 Hilliard
31%
7,636 Hubbard
31%
43,439 Huber Heights
31%
6,922 Huron
31%
20,841 Lebanon
31%
7,296 Logan
31%
3,332 Lordstown
31%
14,050 Lyndhurst
31%
12,168 Macedonia
31%
23,701 Maple Heights
31%
34,792 Mason
31%
32,146 Massillon
31%
50,987 Middletown
31%
3,151 Millersburg
31%
10,853 Montgomery
31%
16,956 Mount Vernon
31%
10,825 New Albany
31%
17,842 North Canton
31%
11,673 Norton
31%
17,068 Norwalk
31%
6,656 Ontario
31%
19,950 Oregon
31%
8,452 Orrville
31%
6,796 Pepper Pike
31%
23,094 Pickerington
31%
20,354 Piqua
31%
6,299 Rossford
31%
21,883 South Euclid
31%
18,161 Steubenville
31%
17,260 Streetsboro
31%
19,011 Sylvania
31%
17,953 Tiffin
31%
26,305 Troy
31%
6,859 Union
31%
12,652 Wickliffe
31%
12,664 Wilmington
31%
14,786 Worthington
31%
8,756 Wyoming
31%
12,681 Amherst
23%
2,981 Baltimore
23%
25,191 Barberton
23%
46,549 Beavercreek
23%
14,115 Bellefontaine
23%
13,928 Bexley
23%
1,402 Boston Heights
23%
19,936 Broadview Heights
23%
5,989 Brookville
23%
11,684 Bucyrus
23%
10,089 Cambridge
23%
5,325 Canal Fulton
23%
3,087 Carrollton
23%
10,935 Celina
23%
5,242 Chardon
23%
8,658 Cheviot
23%
13,927 Circleville
23%
13,310 Clayton
23%
7,105 Cortland
23%
3,051 Doylestown
23%
9,958 East Liverpool
23%
34,510 Fairborn
23%
17,291 Fairview Park
23%
5,924 Geneva
23%
4,453 Georgetown
23%
6,481 Hillsboro
23%
6,087 Indian Hill
23%
10,571 Ironton
23%
1,258 Jeffersonville
23%
7,947 Kenton
23%
25,571 Marysville
23%
1,783 McArthur
23%
7,131 Mentor-on-the-Lake
23%
19,923 Miamisburg
23%
16,004 Middleburg Heights
23%
6,582 Milford
23%
3,811 Mogadore
23%
6,393 Moraine
23%
8,862 Napoleon
23%
3,702 Newcomerstown
23%
18,443 Niles
23%
19,043 Norwood
23%
8,582 Olmsted Falls
23%
3,421 Orange
23%
3,555 Paulding
23%
1,707 Plymouth
23%
14,163 Powell
23%
41,076 Reynoldsburg
23%
3,729 Richfield
23%
24,474 Riverside
23%
20,589 Sidney
23%
11,007 Springdale
23%
8,397 St. Marys
23%
34,483 Stow
23%
6,614 Sunbury
23%
13,021 Trenton
23%
5,272 Uhrichsville
23%
6,698 Upper Sandusky
23%
10,659 Vermilion
23%
24,007 Wadsworth
23%
9,957 Wapakoneta
23%
13,789 Warrensville Heights
23%
39,190 Westerville
23%
1,455 Weston
23%
3,004 West Union
23%
14,204 Willowick
23%
1,470 Anna
15%
4,529 Ashville
15%
4,008 Barnesville
15%
8,249 Bellevue
15%
6,728 Belpre
15%
4,224 Blanchester
15%
13,394 Blue Ash
15%
1,430 Bratenahl
15%
1,479 Bremen
15%
1,582 Bridgeport
15%
2,364 Byesville
15%
3,051 Cadiz
15%
1,989 Camden
15%
7,852 Campbell
15%
2,079 Cardington
15%
4,257 Cedarville
15%
1,690 Centerburg
15%
24,240 Centerville
15%
3,414 Cleves
15%
12,318 Conneaut
15%
11,050 Coshocton
15%
7,117 Delphos
15%
3,316 Delta
15%
8,375 Eaton
15%
13,463 Englewood
15%
1,305 Fayette
15%
3,313 Gallipolis
15%
2,264 Gates Mills
15%
9,603 Girard
15%
3,814 Golf Manor
15%
8,085 Grandview Heights
15%
5,946 Granville
15%
4,339 Greenfield
15%
12,563 Harrison
15%
3,329 Hartville
15%
2,052 Jamestown
15%
5,182 Johnstown
15%
1,262 Kingston
15%
6,937 Kirtland
15%
1,273 Leesburg
15%
2,597 Lisbon
15%
13,307 Loveland
15%
9,487 Madeira
15%
1,839 Manchester
15%
6,260 Martins Ferry
15%
13,896 Maumee
15%
1,667 McConnelsville
15%
3,172 McDonald
15%
2,748 Middlefield
15%
1,371 Milan
15%
3,684 Minerva
15%
3,466 Moreland Hills
15%
2,049 Morrow
15%
3,503 Mount Gilead
15%
6,996 Mount Healthy
15%
5,373 Nelsonville
15%
2,297 New Boston
15%
13,877 New Franklin
15%
4,435 New Lexington
15%
4,557 Newton Falls
15%
2,702 Newtown
15%
9,663 North College Hill
15%
3,541 Northfield
15%
5,489 Obetz
15%
4,790 Ottawa Hills
15%
20,312 Painesville
15%
2,111 Piketon
15%
4,065 Plain City
15%
2,463 Poland
15%
10,600 Reading
15%
10,801 Richmond Heights
15%
1,746 Roseville
15%
4,191 Sebring
15%
11,720 Seven Hills
15%
14,117 Sharonville
15%
9,282 Shelby
15%
1,497 Shreve
15%
4,908 Silverton
15%
1,338 Smithville
15%
1,894 South Zanesville
15%
4,070 St. Bernard
15%
5,096 St. Clairsville
15%
10,063 Struthers
15%
18,394 Tallmadge
15%
10,274 Tipp City
15%
5,303 Toronto
15%
23,070 Trotwood
15%
1,582 Union City
15%
11,115 Urbana
15%
2,064 Utica
15%
15,209 Vandalia
15%
6,003 Waterville
15%
7,568 Wauseon
15%
4,165 Waverly
15%
5,412 Wellston
15%
1,334 West Alexandria
15%
13,129 West Carrollton
15%
1,770 West Liberty
15%
20,127 Whitehall
15%
2,570 Williamsburg
15%
2,210 Woodsfield
15%
3,697 Yellow Springs
15%
1,515 Aberdeen
8%
1,188 Apple Creek
8%
2,347 Arcanum
8%
4,516 Archbold
8%
1,972 Batavia
8%
3,870 Bellaire
8%
7,317 Bellbrook
8%
1,963 Bellville
8%
2,620 Bethel
8%
1,233 Beverly
8%
2,113 Brewster
8%
1,519 Brooklyn Heights
8%
8,729 Bryan
8%
2,520 Buckeye Lake
8%
9,107 Canal Winchester
8%
6,294 Clyde
8%
1,889 Coal Grove
8%
2,160 Columbus Grove
8%
3,078 Commercial Point
8%
4,525 Crestline
8%
2,418 Crooksville
8%
5,432 Deer Park
8%
2,709 Dennison
8%
1,650 Dresden
8%
1,923 Elida
8%
2,087 Elmwood Place
8%
2,449 Enon
8%
2,669 Evendale
8%
1,768 Fairfax
8%
7,710 Fairlawn
8%
3,108 Fairport Harbor
8%
1,350 Forest
8%
20,189 Forest Park
8%
13,046 Fostoria
8%
1,354 Frazeysburg
8%
2,648 Fredericktown
8%
10,453 Galion
8%
2,213 Gambier
8%
2,449 Garrettsville
8%
2,232 Genoa
8%
2,452 Gibsonburg
8%
2,298 Glendale
8%
1,659 Glouster
8%
1,240 Gnadenhutten
8%
5,895 Grafton
8%
6,009 Groveport
8%
10,412 Heath
8%
8,719 Highland Heights
8%
1,820 Holland
8%
2,926 Lakemore
8%
1,833 Leetonia
8%
1,745 Lewisburg
8%
2,134 Lithopolis
8%
3,514 Lockland
8%
10,279 London
8%
1,405 Maineville
8%
3,518 Mariemont
8%
1,681 Mechanicsburg
8%
2,208 Middleport
8%
1,193 Millbury
8%
2,009 Minerva Park
8%
1,300 Monroeville
8%
3,942 Montpelier
8%
4,347 Mount Orab
8%
1,945 Mount Sterling
8%
5,044 Munroe Falls
8%
1,846 Navarre
8%
1,862 Newburgh Heights
8%
3,796 New Lebanon
8%
2,217 New Miami
8%
1,507 New Middletown
8%
1,494 New Paris
8%
2,727 New Richmond
8%
3,369 North Baltimore
8%
1,636 North Lewisburg
8%
5,160 Northwood
8%
2,821 Oak Harbor
8%
3,572 | 9,572 Oakwood
8%
17,886 Pataskala
8%
1,774 Peebles
8%
1,326 Pemberville
8%
1,573 Pomeroy
8%
1,591 Ripley
8%
6,131 Rittman
8%
2,499 Sabina
8%
2,335 Seville
8%
3,454 Shadyside
8%
1,796 Somerset
8%
1,581 South Amherst
8%
2,143 South Bloomfield
8%
1,706 South Charleston
8%
6,384 South Lebanon
8%
3,836 South Point
8%
2,735 Strasburg
8%
2,373 Sugarcreek
8%
3,897 Swanton
8%
2,355 Terrace Park
8%
1,897 Valley View
8%
2,692 Versailles
8%
4,799 Wellington
8%
3,113 Wellsville
8%
4,137 West Jefferson
8%
2,417 West Lafayette
8%
4,697 West Milton
8%
1,430 West Salem
8%
1,763 West Unity
8%
4,990 Whitehouse
8%
6,197 Willard
8%
10,019 Willoughby Hills
8%
1,666 Windham
8%
2,006 Woodville
8%
3,840 Amberley
0%
1,676 Antwerp
0%
1,198 Ashley
0%
1,211 Bethesda
0%
3,967 Bluffton
0%
1,796 Bradford
0%
1,407 Burton
0%
3,565 Carey
0%
5,501 Carlisle
0%
4,774 Coldwater
0%
2,548 Covington
0%
2,139 Creston
0%
1,791 Cridersville
0%
1,927 Dalton
0%
1,250 De Graff
0%
1,588 Deshler
0%
1,881 Edgerton
0%
1,370 Elmore
0%
1,590 Fort Loramie
0%
1,501 Fort Recovery
0%
3,741 Greenhills
0%
1,233 Green Springs
0%
1,409 Greenwich
0%
1,270 Hanover
0%
1,245 Haskins
0%
2,326 Hebron
0%
3,431 Hicksville
0%
1,441 Jackson Center
0%
1,455 Kalida
0%
2,595 LaGrange
0%
1,184 Lakeview
0%
2,177 Leipsic
0%
3,144 Lincoln Heights
0%
2,786 Loudonville
0%
1,510 Lynchburg
0%
1,558 McComb
0%
3,347 Mingo Junction
0%
3,046 Minster
0%
3,034 New Bremen
0%
5,559 New Carlisle
0%
2,361 New Concord
0%
2,416 New London
0%
1,194 New Waterford
0%
2,742 North Kingsville
0%
1,407 Oak Hill
0%
1,533 Orwell
0%
1,204 Pandora
0%
1,192 Payne
0%
1,429 Pioneer
0%
1,241 Pleasant Hill
0%
1,461 Powhatan Point
0%
5,412 Reminderville
0%
2,222 Richwood
0%
1,586 Roaming Shores
0%
1,320 Russells Point
0%
1,206 Salineville
0%
2,516 Silver Lake
0%
3,972 South Russell
0%
2,198 Spencerville
0%
2,596 St. Henry
0%
1,882 St. Paris
0%
1,259 Stryker
0%
1,259 Tiltonsville
0%
3,011 Walbridge
0%
2,033 Walton Hills
0%
2,669 Waynesville
0%
3,765 Wintersville
0%
3,916 Woodlawn
0%
No matching quizzes found
Score Distribution
Percent of People with Each Score
Percentile by Number Answered
Your Score History
You have not taken this quiz